Loza ordinaria : (Record no. 159157)

MARC details
000 -LEADER
campo de control de longitud fija 01396nam a2200301 i 4500
001 - NÚMERO DE CONTROL
campo de control 159157
003 - IDENTIFICADOR DE NÚMERO DE CONTROL
campo de control ES-MaACL
005 - FECHA Y HORA DE LA ÚLTIMA TRANSACCIÓN
campo de control 20250704063121.0
008 - DATOS DE LONGITUD FIJA--INFORMACIÓN GENERAL
campo de control de longitud fija 921125s1888 sp a |||| | spa d
040 ## - FUENTE DE CATALOGACIÓN
Centro catalogador/agencia de origen CAT
Lengua de catalogación spa
Centro/agencia transcriptor CAT
Centro/agencia modificador CCPB
080 ## - NÚMERO DE LA CLASIFICACIÓN DECIMAL UNIVERSAL
Número de la Clasificación Decimal Universal 821.134.2-7"18"
080 ## - NÚMERO DE LA CLASIFICACIÓN DECIMAL UNIVERSAL
Número de la Clasificación Decimal Universal 821.134.2-4/-9
100 1# - ENTRADA PRINCIPAL--NOMBRE DE PERSONA
Nombre de persona Matoses, Manuel,
Fechas asociadas al nombre 1844-1901
9 (RLIN) 176405
Término indicativo de función/relación Autor
245 10 - MENCIÓN DEL TÍTULO
Título Loza ordinaria :
Resto del título apuntes de la vida cursi /
Mención de responsabilidad, etc. Manuel Matoses ; prólogo de E. Blasco ; dibujos de Mecachis.
260 ## - PUBLICACIÓN, DISTRIBUCIÓN, ETC.
Lugar de publicación, distribución, etc. Madrid :
Nombre del editor, distribuidor, etc. Librería de la Viuda de Hernando y C.ª,
Fecha de publicación, distribución, etc. 1888.
300 ## - DESCRIPCIÓN FÍSICA
Extensión 226 páginas :
Otras características físicas ilustraciones ;
Dimensiones 19 cm.
490 1# - MENCIÓN DE SERIE
Mención de serie Obras de Andrés Corzuelo
RLIN 221916
530 ## - NOTA DISPONIBLE DE FORMULARIO FÍSICO ADICIONAL
Nota de formato físico adicional disponible Disponible en formato digital
594 ## - Nota al título y mención de responsabilidad
Nota al título y mención de responsabilidad Manuel Matoses es seudónimo del dramaturgo y periodista Andrés Corzuelo; Mecachis es seudónimo del caricaturista y escritor Eduardo Sáenz Hermúa
700 1# - ENTRADA AGREGADA--NOMBRE PERSONAL
Nombre de persona Blasco, Eusebio,
Fechas asociadas al nombre 1844-1903
9 (RLIN) 126018
Término indicativo de función/relación Autor de introducción
700 1# - ENTRADA AGREGADA--NOMBRE PERSONAL
Nombre de persona Sáenz Hermúa, Eduardo,
Fechas asociadas al nombre 1859-1898
9 (RLIN) 161682
Término indicativo de función/relación Ilustrador
830 #0 - PUNTO DE ACCESO ADICIONAL DE SERIE-TÍTULO UNIFORME
Título uniforme Obras de Andrés Corzuelo
9 (RLIN) 221916
852 ## - LOCALIZACIÓN
Ubicación ES-MaACL
Número de control de estantería B-13466
Ubicación en estantería Sala Pardo Bazán
Anotaciones manuscritas Dedicatoria autógrafa del autor a Antonio Aura Boronat
Donativo/Legado Donativo de Antonio Aura Boronat
856 ## - LOCALIZACIÓN Y ACCESO ELECTRÓNICOS
Identificador Uniforme de Recursos <a href="http://bdh-rd.bne.es/viewer.vm?id=0000068910&page=1 ">http://bdh-rd.bne.es/viewer.vm?id=0000068910&page=1 </a>
Texto de enlace Versión en línea
Nota pública (Biblioteca Digital Hispánica)
942 ## - ELEMENTOS DE ENTRADA SECUNDARIOS (KOHA)
Fuente del sistema de clasificación o colocación Clasificación decimal universal
Tipo de ítem Koha Libro impreso antiguo
Suprimir en OPAC No
Holdings
Estatus retirado Estado de pérdida Fuente del sistema de clasificación o colocación Estado de daño No para préstamo Colección Biblioteca de origen Biblioteca actual Ubicación en estantería Fecha de adquisición Fuente de adquisición Total de préstamos Signatura topográfica completa Código de barras Visto por última vez Tipo de ítem Koha
    Clasificación decimal universal     Colección digital Biblioteca del Ateneo de Madrid Biblioteca del Ateneo de Madrid Sala Pardo Bazán 17/01/2008 Donación   B-13466 1166613 23/02/2023 Libro impreso antiguo